000 00424nam a2200157Ia 4500
999 _c6718
_d6718
003 OSt
005 20201014093622.0
008 151021s9999 xx 000 0 und d
040 _aMMU
_beng
_cMMU
_dMMU
050 _aDS 511.V6 1984
245 _aHistory of Far East in Modern times/
_cA.K.Singh.
260 _aDelhi:
_bSurjeet,
_c1984.
300 _axix, 32 p.:
650 _aHistory of far East
942 _2lcc
_cLOAN LOAN